How do you treat contaminated sites? (Record no. 73623)
[ view plain ]
| 000 -LEADER | |
|---|---|
| fixed length control field | 01119cam a2200253 4500 |
| 001 - CONTROL NUMBER | |
| control field | ABS67156 |
| 008 - FIXED-LENGTH DATA ELEMENTS--GENERAL INFORMATION | |
| fixed length control field | 031022n2003 000 0 eng u |
| 035 ## - SYSTEM CONTROL NUMBER | |
| System control number | (Sirsi) u123970 |
| 100 ## - MAIN ENTRY--PERSONAL NAME | |
| Personal name | Bardos, P. |
| 245 ## - TITLE STATEMENT | |
| Title | How do you treat contaminated sites? |
| 260 ## - PUBLICATION, DISTRIBUTION, ETC. | |
| Date of publication, distribution, etc. | 2003 |
| 490 ## - SERIES STATEMENT | |
| Series statement | Wastes Management |
| Volume/sequential designation | September 2003,20-23(4) |
| 520 ## - SUMMARY, ETC. | |
| Summary, etc. | The first in a three part series on environmental management discuses the importance of risk management in redeveloping contaminated land and examines the criteria and their role in remedial approaches for contaminated land. Discusses the drivers and boundaries for remediation, risk management and reduction using the Site Conceptual Model and the suitability of the technique to be used. Other factors examined are stakeholders in the site and sustainable development. |
| 590 ## - LOCAL NOTE (RLIN) | |
| Local note | ABS |
| 650 ## - SUBJECT ADDED ENTRY--TOPICAL TERM | |
| Topical term or geographic name entry element | CONTAMINATED LAND |
| 650 ## - SUBJECT ADDED ENTRY--TOPICAL TERM | |
| Topical term or geographic name entry element | REDEVELOPMENT |
| 650 ## - SUBJECT ADDED ENTRY--TOPICAL TERM | |
| Topical term or geographic name entry element | SUSTAINABLE DEVELOPMENT |
| 650 ## - SUBJECT ADDED ENTRY--TOPICAL TERM | |
| Topical term or geographic name entry element | SITE CONCEPTUAL MODEL |
| 650 ## - SUBJECT ADDED ENTRY--TOPICAL TERM | |
| Topical term or geographic name entry element | STAKEHOLDERS |
| 690 ## - LOCAL SUBJECT ADDED ENTRY--TOPICAL TERM (OCLC, RLIN) | |
| Topical term or geographic name as entry element | ENVIRONMENT-CONTAMINATION |
| 700 ## - ADDED ENTRY--PERSONAL NAME | |
| Personal name | Nathanail, P. |
| 700 ## - ADDED ENTRY--PERSONAL NAME | |
| Personal name | Nathanail, J. |
| 942 ## - ADDED ENTRY ELEMENTS (KOHA) | |
| Suppress in OPAC | 0 |
| Withdrawn status | Lost status | Source of classification or shelving scheme | Damaged status | Not for loan | Home library | Current library | Shelving location | Date acquired | Total Checkouts | Full call number | Barcode | Date last seen | Copy number | Price effective from | Koha item type |
|---|---|---|---|---|---|---|---|---|---|---|---|---|---|---|---|
| Dewey Decimal Classification | London | London | Journal article | 22/10/2003 | ABS67156 | 123970-1001 | 06/08/2019 | 1 | 06/08/2019 | Journal article |